Análisis de vulnerabilidad sísmica en las subestaciones de la Compañía Nacional de Fuerza y Luz, S.A. (CNFL,S.A.)
Gardado en:
| Autor Principal: | |
|---|---|
| Outros autores: | |
| Formato: | Libro |
| Publicado: |
San José, C.R.
1998
|
| Materias: | |
| Etiquetas: |
Engadir etiqueta
Sen Etiquetas, Sexa o primeiro en etiquetar este rexistro!
|
MARC
| LEADER | 00000nam a2200000Ia 4500 | ||
|---|---|---|---|
| 003 | 008374 | ||
| 005 | 20221231144226.0 | ||
| 008 | 140114s1998 cr a m 000 ||s d | ||
| 040 | |c cru CEDI | ||
| 090 | |a TFG 3777 | ||
| 100 | |a Rodríguez Zapata, José Angel |9 9180 | ||
| 245 | |a Análisis de vulnerabilidad sísmica en las subestaciones de la Compañía Nacional de Fuerza y Luz, S.A. (CNFL,S.A.) | ||
| 260 | |c 1998 |a San José, C.R. | ||
| 300 | |a xi, 89 hojas : ilustraciones | ||
| 500 | |a Proyecto de graduación (bachiller)--Universidad de Costa Rica. Facultad de Ingeniería. Escuela de Ingeniería Eléctrica | ||
| 650 | |x COMPAÑIA NACIONAL DE FUERZA Y LUZ (COSTA RICA) |x CONSTRUCCIONES ANTISISMICAS |x ANALISIS ESTRUCTURAL (INGENIERIA) |9 9181 | ||
| 700 | |9 5604 |a Salazar Córdoba, Roy | ||
| 942 | |c TFG | ||
| 999 | |c 18702 |d 18702 | ||
